000 00786nam a2200313 a 4500
005 20140412111329.0
008 021205s19uu xx 00 eng d
020 _a1-57064-023-8
050 _aTR(PS E
_bBa26 1994
050 _aER
_bBa26 1994
100 _aWhite, Stephen
245 _aBarney says, "please and thank you" /
_cwritten by Stephen White ; illustrated by Rick Grayson.
260 _aNew York :
_bScholastic Inc,
_c1994.
300 _a1 v (unp.) ; ill.
440 _aBarney
650 _aBarney--Fiction
650 _aMagic words
999 _c104822
_d104822